The Chastening (Registro nro. 2063)

Detalles MARC
000 -LEADER
fixed length control field 01584nam a22002057a 4500
003 - CONTROL NUMBER IDENTIFIER
control field OSt
005 - DATE AND TIME OF LATEST TRANSACTION
control field 20260410110921.0
008 - FIXED-LENGTH DATA ELEMENTS--GENERAL INFORMATION
fixed length control field 260410b |||||||| |||| 00| 0 eng d
020 ## - INTERNATIONAL STANDARD BOOK NUMBER
International Standard Book Number 1891620819
082 ## - DEWEY DECIMAL CLASSIFICATION NUMBER
Edition number 1891620819
100 ## - MAIN ENTRY--PERSONAL NAME
Personal name Paul Blustein
245 ## - TITLE STATEMENT
Title The Chastening
Remainder of title Inside the Crisis That Rocked the Global Financial System and Humbled the IMF.
250 ## - EDITION STATEMENT
Edition statement 1ra
260 ## - PUBLICATION, DISTRIBUTION, ETC.
Place of publication, distribution, etc. Nueva York - E,E U.U
Name of publisher, distributor, etc. PublicAffairs
Date of publication, distribution, etc. 2001
300 ## - PHYSICAL DESCRIPTION
Extent 448 páginas.
Dimensions 23X15CM
490 ## - SERIES STATEMENT
Materials specified Tapa dura (Hardcover)
Series statement sobrecubierta.
520 ## - SUMMARY, ETC.
Summary, etc. Este libro narra las crisis financieras globales de finales de los 90, centrándose en el colapso de divisas en Asia, Rusia y Brasil. Paul Blustein ofrece un acceso privilegiado a los "pasillos del poder", revelando cómo el Fondo Monetario Internacional (FMI) y el Tesoro de EE. UU. tomaron decisiones desesperadas para evitar un crack mundial. La obra expone los errores de cálculo de los tecnócratas que, a pesar de su inteligencia, no pudieron prever el pánico de los mercados. Describe cómo el FMI pasó de ser una institución omnipotente a ser humillada por la complejidad de la economía moderna. Es una crónica sobre la fragilidad del sistema financiero y el impacto humano de las políticas de austeridad. El autor combina entrevistas exclusivas con análisis técnico para explicar por qué las recetas económicas fallaron en países como Indonesia o Tailandia. En esencia, es una lección sobre los límites de la intervención internacional frente a la globalización.
700 ## - ADDED ENTRY--PERSONAL NAME
Personal name Paul Blustein
942 ## - ADDED ENTRY ELEMENTS (KOHA)
Source of classification or shelving scheme Dewey Decimal Classification
Koha item type Libros
Suppress in OPAC No
Existencias
Withdrawn status Lost status Source of classification or shelving scheme Damaged status Not for loan Collection Home library Current library Shelving location Date acquired Source of acquisition Coded location qualifier Inventory number Total checkouts Full call number Barcode Date last seen Copy number Price effective from Koha item type
    Dewey Decimal Classification     Estantería F Fila 2 Biblioteca Stanford Biblioteca Stanford Biblioteca Abierta 10.04.2026 LECTURA 0487 0487   LECTURA BIBLIO0487 10.04.2026 1 10.04.2026 Libros
Bienvenido a nuestra Biblioteca